Risk Management and Financial Institutions (Record no. 104586)

MARC details
000 -LEADER
fixed length control field 00362nam a2200121Ia 4500
008 - FIXED-LENGTH DATA ELEMENTS--GENERAL INFORMATION
fixed length control field 211119s9999||||xx |||||||||||||| ||und||
082 ## - DEWEY DECIMAL CLASSIFICATION NUMBER
Classification number 658
Item number HUL-R
100 ## - MAIN ENTRY--PERSONAL NAME
Personal name John C, Hull
245 #0 - TITLE STATEMENT
Title Risk Management and Financial Institutions
260 ## - PUBLICATION, DISTRIBUTION, ETC.
Name of publisher, distributor, etc. Pearson India Education Services
Place of publication, distribution, etc. New Delhi
Date of publication, distribution, etc. 2007
650 ## - SUBJECT ADDED ENTRY--TOPICAL TERM
Topical term or geographic name entry element ManagementManagement
942 ## - ADDED ENTRY ELEMENTS (KOHA)
Koha item type BOOK
650 ## - SUBJECT ADDED ENTRY--TOPICAL TERM
General subdivision MBA LIBRARY
Holdings
Withdrawn status Lost status Damaged status Not for loan Home library Current library Date acquired Cost, normal purchase price Total Checkouts Full call number Barcode Shelving location Date last seen Price effective from Koha item type
        SB LIBRARY SB LIBRARY 19/11/2021 482.00   658 HUL-R 00117932 MBA LIBRARY 19/11/2021 19/11/2021 BOOK

Powered by Koha